• 首页
  • 本馆介绍
  • 公告通知
  • 最新文献
  • 馆藏检索
  • 电子资源
  • 读者导购
  • 参考咨询
  • 我的图书馆
  • 登录
  • 详细信息显示
  • 放入我的书架
  • 预约/预借图书
  • 作者相关作品
  • 分类相关作品
  • 丛书相关作品
  • 出版社相关作品

书目信息

  • 表格格式
  • 工作单格式
  • 卡片格式
题名:
教育政策辞典
    
 
作者: 范国睿 主编
分册:  
出版信息: 上海   华东师范大学出版社  2017
页数: 21,391页
开本: 24cm
丛书名:
单 册:
中图分类: D922.161-61 , D922.161
科图分类:
主题词: 教育政策--中国--词典
电子资源:
ISBN: 978-7-5675-6460-2
000 00778nam0 2200229 450
001 5991
005 20180530100009.37
010    @a978-7-5675-6460-2@b精装@dCNY196.00
100    @a20180217d2017 em y0chiy50 ea
101 0  @achi
102    @aCN@b310000
105    @ay e 001yy
200 1  @a教育政策辞典@9jiao yu zheng ce ci dian@f范国睿主编
210    @a上海@c华东师范大学出版社@d2017
215    @a21,391页@d24cm
330    @a本书选编的教育政策涉及教育综合治理、学前教育、基础教育、高等教育、职业教育、特殊教育、民办教育、民族教育、德育与学生发展、体育等16个领域。
606 0  @a教育政策@y中国@j词典
690    @aD922.161-61@v5
690    @aD922.161@v4
701  0 @a范国睿@9fan guo rui@f(1964-)@4主编
801  0 @aCN@b91MARC@c20180217
905    @aMuseLib@dD922.161@e1839
    
    教育政策辞典/范国睿主编.-上海:华东师范大学出版社,2017
    21,391页;24cm
    
    
    ISBN 978-7-5675-6460-2(精装):CNY196.00
    本书选编的教育政策涉及教育综合治理、学前教育、基础教育、高等教育、职业教育、特殊教育、民办教育、民族教育、德育与学生发展、体育等16个领域。
●
相关链接 在E读中查询图书 在五车中查询图书 在当当中查询图书 在豆瓣中查询图书


正题名:教育政策辞典     索取号:D922.161/1839         预约/预借

序号 登录号 条形码 馆藏地/架位号 状态 备注
1 1115679   211156791   第一样本阅览室/ [索取号:D922.161/1839] 在馆    
2 1115680   211156808   教育系资料室/ [索取号:D922.161/1839] 在馆    
唐山师范学院图书馆 欢迎您!
大连网信软件有限公司© 版权所有